000 01158nam a22003257a 4500
003 CHAP
005 20220329134026.0
008 971013s1977 r 00010 d
010 _a14278
011 _a15250
035 _a19325
040 _cCHAP
090 _aTesis
100 0 0 _aCastrejón Pacheco, Teodosia Marta.
_920301
245 _aRespuesta serológica en conejos inoculados con Brucella abortus cepa 19, utilizando las pruebas de fijación de complemento a 4 grados C y 37 grados C
260 _aMéxico, D.F. :
_bEl autor,
_c1977
300 _a19 h.
_b: gráfs.
502 _aTesis (Médico Veterinario Zootecnista) -- UNAM. Fac. de Medicina Veterinaria y Zootecnia
590 _aALEPH
_b10
_c20130110
_lUCH01
_h1235
590 _aBATCH-UPD
_b10
_c20130110
_lUCH01
_h1632
590 _aBATCH-UPD
_b10
_c20130410
_lUCH01
_h1024
590 _aBATCH-UPD
_b10
_c20130914
_lUCH01
_h0752
590 _aCONVERSION
_b10
_c20130109
_lUCH01
_h1309
650 1 4 _aAntigenos y anticuerpos.
_96080
650 1 4 _aBrucella abortus.
_915732
650 1 4 _aSerodiagnóstico.
_9105179
901 _aBK
942 _cTESIS
949 _bBC
_cTES
_d-44876
_eTS1
_i19325
_si
999 _c14278
_d14278